Central Library OPAC University of Rajshahi

Under western eyes / (Record no. 20593)

MARC details
000 -LEADER
fixed length control field 00679nam a2200241 a 4500
001 - CONTROL NUMBER
control field 20593
003 - CONTROL NUMBER IDENTIFIER
rucl marc code BD-RjUL
005 - DATE AND TIME OF LATEST TRANSACTION
control field 20211209000603.0
008 - FIXED-LENGTH DATA ELEMENTS--GENERAL INFORMATION
fixed length control field 140301s1948 enk 000 1 eng d
035 ## - SYSTEM CONTROL NUMBER
System control number oxf98305839
System control number (BD-RjUL)20655
-- (OCoLC)13864773
040 ## - CATALOGING SOURCE
Original cataloging agency EQO
Transcribing agency EQO
Language of cataloging eng
Modifying agency BD-RjUL
041 ## - LANGUAGE CODE
Language code of text/sound track or separate title eng
082 04 - DEWEY DECIMAL CLASSIFICATION NUMBER
Edition number 20
Classification number 823.92
Author mark and year COU 1948
100 1# - MAIN ENTRY--PERSONAL NAME
Personal name Conrad, Joseph
Dates associated with a name 1857-1924.
9 (RLIN) 63537
245 10 - TITLE STATEMENT
Title Under western eyes /
Statement of responsibility, etc. Joseph Conrad
250 ## - EDITION STATEMENT
Edition statement 17th ed.
260 ## - PUBLICATION, DISTRIBUTION, ETC. (IMPRINT)
Place of publication, distribution, etc. London :
Name of publisher, distributor, etc. Methuen,
Date of publication, distribution, etc. 1948.
300 ## - PHYSICAL DESCRIPTION
Pagination 320 p. ;
Size 19 cm.
650 ## - SUBJECT ADDED ENTRY--TOPICAL TERM
Topical term or geographic name as entry element Terrorism -- Fiction.
9 (RLIN) 63538
Topical term or geographic name as entry element Saint Petersburg (Russia) -- Fiction.
9 (RLIN) 63539
942 ## - ADDED ENTRY ELEMENTS (KOHA)
Source of classification or shelving scheme Dewey Decimal Classification
Koha item type Books
Holdings
Lost status Source of classification or shelving scheme Damaged status Not for loan Collection code Permanent Location Current Location Shelving location Date acquired Source of acquisition Cost, normal purchase price Total Checkouts Full call number Date last seen Copy number Koha item type
  Dewey Decimal Classification     Fiction Central Library, University of Rajshahi Central Library, University of Rajshahi   21/08/1969 Zetlinger 7.60   823.92 COU 1948 01/03/2014 C-3 Books